00537nam a2200181 a 450000100060000000300090000600800410001502000150005604000280007108200170009910000330011624500310014926000440018030000110022450500720023565000240030765000240033119653CO-ViMGA141112s2004 ck r 000 u spa d a8429170855 aCO-ViMGAbspacCO-ViMGA04a540 C153q V11 aCane, Brian; Sellwood, James10aQuimica Elemental Basica 1 aBarcelona : bEditorial Reverte, c1994 a2 Vol. aVol. 1 : La Sustancia y sus cambios Vol. 2 : Elementos y compuestos14aQUIMICA - ELEMENTOS14aQUIMICA - SUSTANCIA